|
|
|
|
| LEADER |
01597cas a2200241 a 4500 |
| 001 |
AALejournalIMF005485 |
| 008 |
230101c9999 xx r poo 0 0eng d |
| 020 |
|
|
|c 5.00 USD
|
| 020 |
|
|
|z 9781451871357
|
| 022 |
|
|
|a 1018-5941
|
| 040 |
|
|
|a BD-DhAAL
|c BD-DhAAL
|
| 100 |
1 |
|
|a Tsounta, Evridiki.
|
| 245 |
1 |
0 |
|a What Attracts Tourists to Paradise? /
|c Evridiki Tsounta.
|
| 264 |
|
1 |
|a Washington, D.C. :
|b International Monetary Fund,
|c 2008.
|
| 300 |
|
|
|a 1 online resource (20 pages)
|
| 490 |
1 |
|
|a IMF Working Papers
|
| 500 |
|
|
|a <strong>Off-Campus Access:</strong> No User ID or Password Required
|
| 500 |
|
|
|a <strong>On-Campus Access:</strong> No User ID or Password Required
|
| 506 |
|
|
|a Electronic access restricted to authorized BRAC University faculty, staff and students
|
| 520 |
3 |
|
|a This paper investigates the determinants of tourism demand in the Eastern Caribbean Currency Union. We estimate the demand function in a panel setting using annual data from 1979 to 2005. Results show that tourism arrivals are significantly affected by economic developments in the source countries, while price considerations and external shocks (such as hurricanes and wars) are also important. Supply factors, such as developments in foreign direct investment and the number of airlines servicing a destination, are also found to be significant determinants of tourism demand.
|
| 538 |
|
|
|a Mode of access: Internet
|
| 830 |
|
0 |
|a IMF Working Papers; Working Paper ;
|v No. 2008/277
|
| 856 |
4 |
0 |
|z Full text available on IMF
|u http://elibrary.imf.org/view/journals/001/2008/277/001.2008.issue-277-en.xml
|z IMF e-Library
|